书目信息 |
| 题名: |
实践导向职业教育课程研究
|
|
| 作者: | 徐国庆 著 | |
| 分册: | ||
| 出版信息: | 上海 上海教育出版社 2005.07 |
|
| 页数: | 320页 | |
| 开本: | 24cm | |
| 丛书名: | 现代职业教育研究丛书 | |
| 单 册: | ||
| 中图分类: | G712.3 | |
| 科图分类: | ||
| 主题词: | 职业教育--zhi ye jiao yu--课程--教学研究 | |
| 电子资源: | ||
| ISBN: | 7-5444-0058-1 | |
| 000 | 01035nam 2200265 450 | |
| 001 | 012006473641 | |
| 005 | 20060919151114.89 | |
| 010 | @a7-5444-0058-1@dCNY36.00 | |
| 100 | @a20060618d2005 km y0chiy0120 ea | |
| 101 | 0 | @achi |
| 102 | @aCN@b310000 | |
| 105 | @aa a 000yy | |
| 200 | 1 | @a实践导向职业教育课程研究@Ashi jian dao xiang zhi ye jiao yu ke cheng yan jiu@e技术学范式@f徐国庆著@Fxu guo qing zhu |
| 210 | @a上海@c上海教育出版社@d2005.07 | |
| 215 | @a320页@c图@d24cm | |
| 225 | 2 | @a现代职业教育研究丛书@Axian dai zhi ye jiao yu yan jiu cong shu |
| 320 | @a有书目 (第303-320页) | |
| 330 | @a目前我国的职业教育陷入一种尴尬境地,一方面教师难教,学生难学;另一方面,职业院校并未教给学生工作中所需的知识。改革职业教育课程,提高职业教育质量势在必行。 | |
| 410 | 0 | @12001 @a现代职业教育研究丛书 |
| 517 | 1 | @a技术学范式@Aji shu xue fan shi |
| 606 | 0 | @a职业教育@Azhi ye jiao yu@x课程@x教学研究 |
| 690 | @aG712.3@v4 | |
| 701 | 0 | @a徐国庆@Axu guo qing@4著 |
| 801 | 0 | @aCN@bQSSK@c20060919 |
| 905 | @a10447@dG712.3@eX715 | |
| 实践导向职业教育课程研究:技术学范式/徐国庆著.-上海:上海教育出版社,2005.07 |
| 320页:图;24cm.-(现代职业教育研究丛书) |
| ISBN 7-5444-0058-1:CNY36.00 |
| 目前我国的职业教育陷入一种尴尬境地,一方面教师难教,学生难学;另一方面,职业院校并未教给学生工作中所需的知识。改革职业教育课程,提高职业教育质量势在必行。 |
| ● |
| 相关链接 |
|
|
|
正题名:实践导向职业教育课程研究
索取号:G712.3/X715
 
预约/预借
| 序号 | 登录号 | 条形码 | 馆藏地/架位号 | 状态 | 备注 |
| 1 | 588924 | 205889243 | 社科库409/409社科库 16排2列3层/ [索取号:G712.3/X715] | 在馆 | |
| 2 | 588925 | 205889252 | 社科库409/409社科库 16排2列3层/ [索取号:G712.3/X715] | 在馆 | |
| 3 | 588926 | 205889261 | 社科库409/409社科库 16排2列3层/ [索取号:G712.3/X715] | 在馆 |